LEADER 01794nam a2200301 4500 001 000000339917 003 CaOOAMICUS 005 20200320102232.0 008 200320s1645 it 000 u ita r 026 $alir- lao- o.a, nafi (3) 1645 (Q) 040 $aSeMil$bita 100 11$aMonti, Cesare,$c.$0(OLS)http://semarc/name/20020 245 00$aRegole prescritte dall'em.mo e rev.mo sig.re cardinale Cesare Monti arcivescovo della Chiesa milanese per lo buon governo del Luogo Pio di Santa Febronia, nuovamente aperto per conservar illesa la pudititia delle zitelle, quall'hora si trovano in pericolo di perderla. 264 1$aIn Milano :$bPer Gio. Battista Beltramino. Nella Bottega de gl'Eredi di Giorgio Rolla,$c[1645] 300 $a[2], 32, [2] p. ;$c4° 500 $aIniziali, fregi xilogr. 500 $aStemma vescovile xilogr. sul front. 500 $aSegn.: ?² (?1+A-D?) 500 $aData di pubblicazione presunta a c. A1r. 700 1 $aBeltramino, Giovanni Battista,$c.$0(OLS)http://semarc/name/92929 710 2 $aLuogo pio di Santa Febronia .$0(OLS)http://semarc/name/111219 752 $aIT$dMilano 850 $aSeMil 852 $aSeMil$W1$xVenegono$y1$m3Z V 4/10 FA$j219295$B231105$CSeMilBibl$Z2$F231105 $8I 941 1 $a10 996 $6245$aRegole prescritte dall'em.mo e rev.mo sig.re cardinale Cesare Monti arcivescovo della Chiesa milanese per lo buon governo del Luogo Pio di Santa Febronia, nuovamente aperto per conservar illesa la pudititia delle zitelle, quall'hora si trovano in pericolo di perderla$9(OLS)http://semarc/title/428840 996 $6264$aIn Milano :$bPer Gio. Battista Beltramino. Nella Bottega de gl'Eredi di Giorgio Rolla$9(OLS)http://semarc/publisher/58940 LEADER 01005nam a2200253 i 4500 001 000000055444 003 CaOOAMICUS 005 20220228114002.0 008 070824s1983 it u000 u ita u 013 $a26616 040 $aSeMil$bita 100 1 $aLovecraft, Howard Phillips,$d<1890-1937>.$0(OLS)http://semarc/name/90708 240 10$aAt the mountains of madness.$0(OLS)http://semarc/title/85984 245 13$aLe montagne della follia :$bromanzo /$cH. P. Lovecraft. 264 1$aMilano :$bSugarCo,$cstampa 1983. 300 $a130 p. ;$c20 cm. 490 1 $aTasco : Tascabili Sugarco ;$v71 830 0$aTasco ;$v71.$0(OLS)http://semarc/title/7377 850 $aSeMil 852 $aSeMil$W1$xVenegono$y1$m1O II 99$j21598$B21598$CSeMilBibl$Z2$F21600 $81 961 $aOmaggio: Agenzia internazionale 996 $6245$aLe montagne della follia :$bromanzo$9(OLS)http://semarc/title/85983 996 $6264$aMilano :$bSugarCo$9(OLS)http://semarc/publisher/30260